000 00298nam a22001337a 4500
008 171031b xxu||||| |||| 00| 0 eng d
020 _a9780131856042
041 _aeng
080 _a33
100 _a58
101 _aBUS
245 _aVISUAL IFPS PLUS FOR BUSINESS
_cGRAY.P
942 _2udc
_cBK
999 _c36682
_d36682